000 01516cam a2200325 i 4500
001 79188
003 BD-RjUL
005 20220116135831.0
008 220116s1884 ua 000 0 ara
035 _a(BD-RjUL)79188
040 _aDLC
_beng
_cDLC
_erda
_dDLC
041 _aara
082 _223
_a946.04
_bMAN 1884
100 1 _aمقري، أحمد بن محمد،‏ ;; Maqqarī, Aḥmad ibn Muḥammad,
_d-1631 or 1632,
_eauthor.
_9751
245 1 0 _aنفح الطيب من غصن الأندلس الرطيب وذكر وزيرها لسان الدين بن الخطيب / ;;; Nafḥ al-ṭīb min ghuṣn al-Andalus al-raṭīb wa-dhikr wazīrahā Lisān al-ddīn ibn al-Khaṭīb /
_cAhmed bin Mohammed Makri, ;; أحمد بن محمد مقري
246 1 8 _aنفح الطيب ;; Nafḥ al-ṭīb
246 3 _aكتاب نفح الطيب من غصن الأندلس الرطيب ;; Kitāb nafḥ al-ṭīb min ghuṣn al-Andalus al-raṭīb
264 0 _aالقاهر :‏ ;; al-Qāhira :
_bالمطبعة الازهرية، ;; al-Maṭbaʻah al-Azhariah ,
_c1884
300 _a4 volumes ;
_c26 cm
336 _atext
_2rdacontent
337 _aunmediated
_2rdamedia
338 _avolume
_2rdacarrier
505 _aV-2.--v.3.--v.4.--
600 0 0 _aIbn al-Khaṭīb,
_d1313-1374.
_9752
650 0 _aArabs
_zSpain.
_9753
650 0 _aSpain
_xHistory
_y711-1516.
_9754
700 1 _aمنصوري، محمود الإمام،‏ ;; Manṣūrī, Maḥmūd al-Imām,
_9413
942 _2ddc
_cBK
999 _c79188
_d79188